000
00291nam a2200109Ia 4500
005
20251222144637.0
008
251222s9999||||xx |||||||||||||| ||spa||
082
_a
909.7/V84
100
_a
"Volodin, A.Plimak, E."
245
0
_a
Las ideas revolucionarias de los siglos XVIII y XIX
942
_c
LIB
999
_c
16532
_d
16532